home page   АИС "Историко-культурное наследие Беларуси"
  Базовый | Расширенный | Профессиональный | Словарь персоналий | Тематический словарь | По видам объектов История запросов  Заказы    Регистрация

Запись в MARC-формате

копировать MARC-запись

=LDR  00000nx\\c2200253\\\45\\
=001  BY-NLB-ar2096686
=005  20160330095626.5
=100  \\$a20040906arusy50\\\\\\ca0
=152  \\$apsbo
=160  \\$ae-bw
=215  \\$aКостел Матери Божьей Ружанцовой (Раков, агрогородок; Воложинский район)
=300  1\$aПамятник архитектуры неоготики. Построен в 1906 г. из желтого кирпича вместо предыдущего деревянного костела. После Великой Отечественной войны использовался в хозяйственных целях, в 1990-е гг. возвращен католикам.
=356  \\$aНаходится в агрогородке Раков Воложинского района Минской области, на правом берегу р. Ислочь.
=415  \\$aКостел Матери Божьей Ружанцовой и Святого Доминика (Раков, агрогородок; Воложинский район)
=415  \\$aКостел доминиканцев (Раков, агрогородок; Воложинский район)
=415  \\$aРаковский костел Божьей Матери
=515  \\$5w$3BY-NLB-ar2096689$aКасцёл Маці Божай Ружанцовай (Ракаў, аграгарадок; Валожынскі раён)
=801  \0$aBY$bBY-HM0000$c20040906
=810  \\$aКаталіцкія храмы на Беларусі : энцыклапедычны даведнік / А. М. Кулагін. — Мінск, 2000.
=810  \\$aКаталіцкія храмы Беларусі / А. М. Кулагін. — Мінск, 2008.
=810  \\$aРеспублика Беларусь : энциклопедия. [В 7 т.]. Т. 6. — Минск, 2008.
=810  \\$aБеларуская энцыклапедыя. У 18 т. Т. 13. — Мінск, 2001.
=999  \\$g1848 NLB-NDARD$t20150605
=999  \\$f40$t20040906

Чтобы вернуться назад, щелкните кнопку BACK на Вашем браузере